000 00801cam a2200205 4500
001 WB3745-10
008 011128n2001 000 0 eng u
035 _a(Sirsi) u115772
245 _aInvestors rein back forecasts
260 _c2001
490 _aEstates Gazette
_v(0147) 24 November 2001, 52(1)
520 _aAccording to the latest Investment Property Forum/"Estates Gazette" Investor Intentions Survey, institutional investors are forecasting that rental and capital growth will plummet next year as the economic downturn takes hold. Includes tables.
590 _aWB
650 _aRENTAL GROWTH
650 _aCAPITAL GROWTH
650 _aECONOMIC CONDITIONS
650 _aFORECASTS
690 _aPROPERTY-COMMERCIAL PROPERTY-COMMERCIAL PROPERTY FINANCE AND INVESTMENT
942 _n0
999 _c68956
_d68956